000 00638nam a2200253Ia 4500
003 OSt
005 20221007110947.0
006 a|||||r|||| 00| 0
007 ta
008 221006b |||||||| |||| 00| 0 eng d
020 _a9788175341173
024 _a22,266
037 _cTextual
040 _aLCO
_cLCO
_beng
041 _2eng
_aeng
082 _aZ, M2
100 _aHerbert A.P.
245 0 _aMore Uncommon Law
260 _aDelhi
_bUniversal Law Publishing Co. Pvt. Ltd. India
_c1964
300 _a312
650 _aUNCOMMON LAW
_9708118
942 _hZ, M2
_cTEXL
999 _c1191829
_d1191829